000 00701nam a2200253Ia 4500
001 38093
005 20240114001956.0
007 ta
008 070628s1997 g b000 u 346 u
040 _aCotton College,Assam
041 _a346
082 _a891.443
_bBh 289 Ma
100 _aBhattacharyya, Amalendu .
245 0 _aMalinir Upakhyayan: Ram Kumar Nandi Majumdar 1831-1904 /
_cAmalendu Bhattacharyya.
_hTextual Documents
250 _a1st ed. /
260 _aCalcutta :
_bRatna Prakashan ,
_c1997.
300 _a78p. ;
_c22cm.
653 _aBengali Novel
653 _aG-Languages
942 _2ddc
_cBK
999 _c38069
_d38069